Pokémon - Les attaques de Crustabri - Statistiques

Statistiques générales
  • Ce quiz a été pris 20 fois
  • Le résultat moyen est 11 sur 18
Statistiques - réponses
Niveaux Types Noms des attaques % Correct
Départ Glace Laser Glace
92%
Départ Acier Mur de Fer
92%
Départ Eau Pistolet à O
85%
Départ Eau Hydrocanon
77%
Départ Glace Éclats Glace
69%
Départ Normal Exuviation
69%
Départ Évolution Glace Stalactite
69%
Départ Glace Onde Boréale
62%
Départ Eau Repli
62%
Départ Normal Abri
54%
Départ Glace Chute Glace
54%
Départ Poison Pics Toxik
54%
Départ Normal Charge
46%
Départ Eau Coqui-Lame
46%
Départ Sol Picots
46%
Départ Eau Siphon
46%
Départ Normal Groz'Yeux
38%
Départ Normal Ultrason
23%
Aucun quiz correspondant
Distribution des résultats
% des personnes avec chaque résultat
Percentile par nombre de réponses
Votre historique - résultats
Vous n’avez pas pris ce quiz